সোভিয়েত ইউনিয়নে মুসলমান / (Record no. 31552)

MARC details
000 -LEADER
fixed length control field 01039nam a22002177a 4500
003 - CONTROL NUMBER IDENTIFIER
control field BDDh-ASL
005 - DATE AND TIME OF LATEST TRANSACTION
control field 20231015031302.0
008 - FIXED-LENGTH DATA ELEMENTS--GENERAL INFORMATION
fixed length control field 230331n |||||||| |||| 00| 0 b d
040 ## - CATALOGING SOURCE
Transcribing agency BDDh-ASL
041 ## - LANGUAGE CODE
Language code of text/sound track or separate title bengali
082 ## - DEWEY DECIMAL CLASSIFICATION NUMBER
Classification number 297.09247
Item number AMS
100 1# - MAIN ENTRY--PERSONAL NAME
Personal name আমীনী, মুহাম্মদ সাফওয়াত আসসাকা
9 (RLIN) 7793
245 1# - TITLE STATEMENT
Title সোভিয়েত ইউনিয়নে মুসলমান /
Statement of responsibility, etc. জুলফিকার আহমদ কিসমতী (অনু.)।
246 ## - VARYING FORM OF TITLE
Title proper/short title Soviet Unione Musalman.
300 ## - PHYSICAL DESCRIPTION
Extent ৬৬ পৃষ্ঠা:
Dimensions ২২ সে.মি.
650 #0 - SUBJECT ADDED ENTRY--TOPICAL TERM
Topical term or geographic name entry element Islamic History (ইসলামের ইতিহাস), Islamic Civilization, ইসলামী সভ্যতা, Isalāmī sabhyatā
9 (RLIN) 5885
650 #0 - SUBJECT ADDED ENTRY--TOPICAL TERM
Topical term or geographic name entry element ইসলাম ধর্ম (Islamic Religion)
9 (RLIN) 6085
650 #0 - SUBJECT ADDED ENTRY--TOPICAL TERM
Topical term or geographic name entry element Soviet Union সোভিয়েত ইউনিয়ন
9 (RLIN) 7794
700 1# - ADDED ENTRY--PERSONAL NAME
Personal name কিসমতী, জুলফিকার আহমদ
9 (RLIN) 5768
942 ## - ADDED ENTRY ELEMENTS (KOHA)
Source of classification or shelving scheme Dewey Decimal Classification
Koha item type Books
Holdings
Withdrawn status Lost status Source of classification or shelving scheme Damaged status Not for loan Collection code Home library Current library Shelving location Date acquired Source of acquisition Total Checkouts Full call number Barcode Date last seen Copy number Price effective from Koha item type
    Dewey Decimal Classification     Non-fiction Asiatic Society Library Asiatic Society Library General Stacks 03/31/2023 ASB Library Collection   297.09247 AMS 120243 03/31/2023 C-1 03/31/2023 Books

Powered by Koha